Construction sector commentary (Record no. 68418)

MARC details
000 -LEADER
fixed length control field 00866cam a2200193 4500
001 - CONTROL NUMBER
control field WB3736-02
008 - FIXED-LENGTH DATA ELEMENTS--GENERAL INFORMATION
fixed length control field 010927n2001 000 0 eng u
035 ## - SYSTEM CONTROL NUMBER
System control number (Sirsi) u114892
245 ## - TITLE STATEMENT
Title Construction sector commentary
260 ## - PUBLICATION, DISTRIBUTION, ETC.
Date of publication, distribution, etc. 2001
490 ## - SERIES STATEMENT
Series statement UK Economic Brief (RICS)
Volume/sequential designation September 2001, 5(1)
520 ## - SUMMARY, ETC.
Summary, etc. Reports on construction activity for Q2 2001. So far the industry has not been affected by the economic slowdown. It has recovered from the floods of Autumn 2000 and has even produced higher output than the same period last year. However output growth was led by repair and maintenance rather than new structures, suggesting that the economy may be having some effect.
590 ## - LOCAL NOTE (RLIN)
Local note WB
650 ## - SUBJECT ADDED ENTRY--TOPICAL TERM
Topical term or geographic name entry element CONSTRUCTION MARKET
650 ## - SUBJECT ADDED ENTRY--TOPICAL TERM
Topical term or geographic name entry element ECONOMY
650 ## - SUBJECT ADDED ENTRY--TOPICAL TERM
Topical term or geographic name entry element CONSTRUCTION SECTOR
690 ## - LOCAL SUBJECT ADDED ENTRY--TOPICAL TERM (OCLC, RLIN)
Topical term or geographic name as entry element BUILT ENVIRONMENT-CONSTRUCTION MARKET
942 ## - ADDED ENTRY ELEMENTS (KOHA)
Suppress in OPAC 0
Holdings
Withdrawn status Lost status Source of classification or shelving scheme Damaged status Not for loan Home library Current library Shelving location Date acquired Total Checkouts Full call number Barcode Date last seen Copy number Price effective from Koha item type
    Dewey Decimal Classification     London London News article 27/09/2001   WB3736-02 114892-1001 06/08/2019 1 06/08/2019 News article